Instrucciones para la cría del gusano de seda y cultivo de la morera /
Guardado en:
| Formato: | Libro |
|---|---|
| Publicado: |
Buenos Aires :
División de Sericultura,
1948
|
| Materias: | |
| Etiquetas: |
Agregar Etiqueta
Sin Etiquetas, Sea el primero en etiquetar este registro!
|
| LEADER | 00482nam a22001575a 4500 | ||
|---|---|---|---|
| 001 | CEM.cems000666 | ||
| 005 | 20060210000000.0 | ||
| 008 | 130507s1948##################000#0#####d | ||
| 003 | CEMS | ||
| 082 | 0 | 4 | |a 638.2 |
| 245 | 0 | 0 | |a Instrucciones para la cría del gusano de seda y cultivo de la morera / |
| 260 | |a Buenos Aires : |b División de Sericultura, |c 1948 | ||
| 300 | |a 62 p. | ||
| 653 | |a Gusano de seda | ||
| 653 | |a Sericultura | ||
| 859 | |a CEMS |b BIB. CEMS - 11 de abril |h 638.2 |i Ar37 |p 7211.79 |t Ej.1 | ||
